00572 2200193 4500001002100000005001500021035002000036007000300056008003900059082000700098084001300105100002000118245013600138250001000274260004600284300002300330600001000353990001500363INLIS00000000000989220260417095017 a0010-0426000278ta260417 | | |  a81 a81 HAW a0 aHAWILA KAROLINA1 aANALISIS PERAN KADER POSYANDU DI KELURAHAN TEWAH KECAMATAN TEWAH KABUPATEN GUNUNG MAS PROVINSI KALIMANTAN TENGAH /cHAWILA KAROLINA aCet 1 aPalangka Raya :bPerpustakaan UMPR,c2022 ax, 82 hlm :bilus. 4aTESIS a2081010666